000 00730nam a2200181 i 4500
001 151647
003 ES-MaACL
005 20250713080432.0
008 931025s1887 sp |||| | spa d
100 1 _aAza, Vital,
_d1851-1912
_924210
245 1 0 _aSan Sebastián, mártir
_b: comedia en tres actos y en prosa /
_coriginal de Vital Aza.
250 _a3ª ed.
260 _aMadrid :
_bAdministración Lírico-dramática,
_c1887 (
_fR. Velasco)
300 _a91 p. ;
_c20 cm.
500 _aEn port.: Estrenada en el Teatro de la Comedia el 29 de enero de 1885.
852 _aES-MaACL
_jD-1326(2)
_z-- Enc. hol., conservando la enc. editorial
_z-- Enc. en un vol. facticio
_z.- Legado M. de La Fuente
999 _c151647
_d151647